00598nam a2200193Ia 4500003000900000008004100009040001600050080001800066100002400084245004400108260003400152300001000186650003800196650003800234650001900272942000700291999001300298952009300311IN-BaIIA211028s9999 xx 000 0 eng d cIIA Library a081:53bLOR-1 aLorentz, H. A.9717 0aCollected papersbvol. IcH. A. Lorentz aHaguebMartinus Nijhoffc1935 a381p. aCollected works-H. A Lorentz9718 aH. A Lorentz collected works9719 aNASA thesaurus cBK c340d340 00104070aBANbBANcGENd0000-00-00l0o081:53/ LOR-1p333r2021-11-05w0000-00-00yBK